Highly recommended (Student's book ): English for the hotel and catering industry

Uloženo v:
Podrobná bibliografie
Hlavní autor: Stott, Trish
Médium: Kniha
Jazyk:Undetermined
Vydáno: Oxford Oxford Univ. Press c2013
Témata:
Tagy: Přidat tag
Žádné tagy, Buďte první, kdo otaguje tento záznam!
Thư viện lưu trữ: Trung tâm Học liệu Trường Đại học Cần Thơ
LEADER 00615nam a2200217Ia 4500
001 CTU_182489
008 210402s9999 xx 000 0 und d
020 |c 225000 
082 |a 428.24 
082 |b S889/Vol.1sb 
100 |a Stott, Trish 
245 0 |a Highly recommended (Student's book ): 
245 0 |b English for the hotel and catering industry 
245 0 |c Trish Stott and Rod Revell 
260 |a Oxford 
260 |b Oxford Univ. Press 
260 |c c2013 
650 |a English language 
650 |x spoken english 
910 |a Nguyên 
980 |a Trung tâm Học liệu Trường Đại học Cần Thơ